Normal view MARC view
  • Gupta R K

Entry Personal Name

Number of records used in: 19

001 - CONTROL NUMBER

  • control field: 116369

003 - CONTROL NUMBER IDENTIFIER

  • control field: OSt

005 - DATE AND TIME OF LATEST TRANSACTION

  • control field: 20230125045143.0

008 - FIXED-LENGTH DATA ELEMENTS

  • fixed length control field: 230125|| aca||aabn | a|a d

040 ## - CATALOGING SOURCE

  • Original cataloging agency: OSt
  • Transcribing agency: OSt

100 ## - HEADING--PERSONAL NAME

  • Personal name: Gupta R K

670 ## - SOURCE DATA FOUND

  • Source citation: Work cat.: (OSt)94024: Gupta R K, Qualitative Research in Management, 2015